|
|
|
|
| LEADER |
00000cam a2200000 4500 |
| 001 |
vtls011760821 |
| 003 |
SK-MaSNL |
| 005 |
20260301183254.0 |
| 008 |
210624s2018 xr er 000 f cze |
| 015 |
|
|
|a SNBZSA2018/12
|
| 020 |
|
|
|a 9788075970800
|q (viazané)
|
| 035 |
|
|
|a DBFAD761-DB2B-410F-8EE9-DA755C4D9FDD
|
| 035 |
|
|
|a urn:nbn:sk:snk-am3icve
|
| 035 |
|
|
|a urn:nbn:sk:snk-am00e3rq
|
| 040 |
|
|
|a SNK
|b slo
|c SNK
|e rda
|
| 041 |
1 |
|
|a cze
|h slo
|
| 044 |
|
|
|a xr
|c CZ
|
| 072 |
|
7 |
|a 821.162.4-3
|x Slovenská próza
|2 konspekt
|
| 080 |
|
|
|a 821.162.4-31
|2 2011
|
| 080 |
|
|
|a (0:82-312.4)
|2 2011
|
| 100 |
1 |
|
|a Holetzová, Katarína,
|d 1988-
|4 aut
|9 169085
|
| 240 |
1 |
0 |
|a Svorka
|l Česky
|
| 245 |
1 |
0 |
|a Smečka
|c Katarína Holetzová ; ze slovenského originálu Svorka přeložil Miroslav Zelinský
|
| 264 |
|
1 |
|a Praha
|b Nakladatelství XYZ
|b Albatros Media, a. s.
|c 2018
|
| 300 |
|
|
|a 355 strán
|c 22 cm
|
| 336 |
|
|
|a text
|b txt
|2 rdacontent
|
| 337 |
|
|
|a bez média
|b n
|2 rdamedia
|
| 338 |
|
|
|a zväzok
|b nc
|2 rdacarrier
|
| 500 |
|
|
|a Vydalo Nakladatelství XYZ ve společnosti Albatros Media, a. s.
|
| 655 |
|
7 |
|a slovenské romány
|2 SNKPH
|9 70324
|
| 655 |
|
7 |
|a trilery (romány)
|2 SNKPH
|9 151146
|
| 655 |
|
7 |
|a Slovak fiction
|2 SNKPHeng
|9 277096
|
| 655 |
|
7 |
|a Thrillers (novels)
|2 SNKPHeng
|9 310918
|
| 700 |
1 |
|
|a Zelinský, Miroslav,
|d 1961-
|4 trl
|9 103784
|
| 919 |
|
|
|a 978-80-7597-080-0
|
| 958 |
|
|
|a ZS
|
| 958 |
|
|
|a UP
|
| 958 |
|
|
|a LX
|
| 968 |
|
|
|a Čes
|b SLO
|
| 999 |
|
|
|c 856402
|d 858332
|
| 952 |
|
|
|a SNK
|b SNK
|y PREZ
|7 0
|p 17A1349550
|o snkSC 181813
|i snk2018/25732
|8 4
|g 12.25
|0 0
|1 0
|4 0
|d 2018-07-25
|f 1
|l 0
|r 2026-02-24 04:57:18
|w 2026-02-24
|